|
|
|
|
| LEADER |
01135nam a2200253 a 4500 |
| 001 |
000431105 |
| 003 |
CZ BrMZK |
| 005 |
19990305143423.0 |
| 007 |
ta |
| 008 |
981227s1942 xxk f cze d |
| 040 |
|
|
|a BOA001
|b cze
|
| 100 |
1 |
|
|a Beneš, Edvard,
|d 1884-1948
|7 jk01011576
|4 aut
|
| 245 |
1 |
0 |
|a Naše politická práce v druhém a třetím roce války /
|c Projevy presidenta Republiky Dr. Edvarda Beneše a předsedy Prokopa Maxy ve Státní radě [v Londýně dne 25. listopadu 1941]
|
| 250 |
|
|
|a Druhé vydání
|
| 260 |
|
|
|a Londýn :
|b Týdeník "Čechoslovák",
|c 1942
|
| 300 |
|
|
|a 36 s. ;
|c 8°
|
| 490 |
1 |
|
|a Politická knihovna Čechoslováka ;
|v Sv. 5
|
| 700 |
1 |
|
|a Maxa, Prokop,
|d 1883-1961
|7 jk01080919
|4 aut
|
| 830 |
|
0 |
|a Politická knihovna Čechoslováka
|
| 910 |
|
|
|a BOA001
|b 1-0179.258,5
|
| 990 |
|
|
|a BK
|
| 996 |
7 |
|
|b 2619206544
|c 1-0179.258,5
|l MZK
|r Sklad / do 1 hodiny
|n 2
|w 000431105
|u 000020
|a 1
|e BOA001
|j MZK50
|s A
|
| 996 |
6 |
|
|b 2619257368
|c 1-0179.258,5
|l MZK
|r Sklad / do 1 hodiny
|n 2
|w 000431105
|u 000030
|a 1
|e BOA001
|j MZK50
|s P
|
| 996 |
7 |
|
|b 2619778765
|c 1-0179.258,5
|l MZK
|r Sklad / do 1 hodiny
|n 3
|w 000431105
|u 000010
|a 1
|e BOA001
|j MZK50
|s A
|